000
00352 a2200157 4500
999
_c
12950
_d
12950
003
OSt
005
20240729180318.0
008
240729b ||||| |||| 00| 0 eng d
020
_a
0062967091
082
_a
745.4 BRO
100
_a
Tim Brown
245
_a
Change By Design, Revised And Updated
260
_b
Harper
300
_a
294p;
942
_2
ddc